[Event "Stay Safe Play From Home 281"]
[Site "Emanuel Lasker Arena"]
[Date "2020.07.06"]
[Round "6"]
[White "Haxhi Baha"]
[Black "VotaryRoma"]
[Result "0-1"]
[WhiteElo "2077"]
[BlackElo "2149"]
[PlyCount "78"]
[EventDate "2020.07.06"]
[EventType "swiss (blitz)"]

1. e4 {[%emt 0:00:01]} e5 {[%emt 0:00:03]} 2. Nf3 {[%emt 0:00:01]} Nc6 {[%emt 0:00:00]} 3. Bc4 {[%emt 0:00:00]} Bc5 {[%emt 0:00:02]} 4. b4 {[%emt 0:00:01]} Bxb4 {[%emt 0:00:01]} 5. c3 {[%emt 0:00:01]} Bc5 {[%emt 0:00:01]} 6. d4 {[%emt 0:00:01]} exd4 {[%emt 0:00:00]} 7. cxd4 {[%emt 0:00:01]} Bb4+ {[%emt 0:00:00]} 8. Kf1 {[%emt 0:00:01]} Nf6 {[%emt 0:00:04]} 9. e5 {[%emt 0:00:02]} d5 {[%emt 0:00:00]} 10. exf6 {[%emt 0:00:02]} dxc4 {[%emt 0:00:01]} 11. fxg7 {[%emt 0:00:02]} Rg8 {[%emt 0:00:00]} 12. Qe2+ {[%emt 0:00:03]} Qe7 {[%emt 0:00:01]} 13. Bh6 {[%emt 0:00:01]} Qxe2+ {[%emt 0:00:01]} 14. Kxe2 {[%emt 0:00:00]} Bg4 {[%emt 0:00:01]} 15. Rd1 {[%emt 0:00:05]} O-O-O {[%emt 0:00:01]} 16. d5 {[%emt 0:00:03]} Rde8+ {[%emt 0:00:01]} 17. Kf1 {[%emt 0:00:03]} Bxf3 {[%emt 0:00:01]} 18. gxf3 {[%emt 0:00:02]} Ne5 {[%emt 0:00:01]} 19. a3 {[%emt 0:00:06]} Ng4 {[%emt 0:00:00]} 20. fxg4 {[%emt 0:00:02]} Bd6 {[%emt 0:00:01]} 21. Nc3 {[%emt 0:00:02]} Be5 {[%emt 0:00:01]} 22. Rac1 {[%emt 0:00:02]} Bxg7 {[%emt 0:00:01]} 23. Bxg7 {[%emt 0:00:00]} Rxg7 {[%emt 0:00:00]} 24. h3 {[%emt 0:00:00]} h5 {[%emt 0:00:01]} 25. f3 {[%emt 0:00:02]} hxg4 {[%emt 0:00:01]} 26. hxg4 {[%emt 0:00:00]} f5 {[%emt 0:00:00]} 27. d6 {[%emt 0:00:02]} cxd6 {[%emt 0:00:01]} 28. Rxd6 {[%emt 0:00:01]} fxg4 {[%emt 0:00:01]} 29. f4 {[%emt 0:00:05]} g3 {[%emt 0:00:01]} 30. Kg2 {[%emt 0:00:01]} Rh8 {[%emt 0:00:02]} 31. Rh1 {[%emt 0:00:03]} Rh2+ {[%emt 0:00:01]} 32. Rxh2 {[%emt 0:00:01]} gxh2+ {[%emt 0:00:00]} 33. Kxh2 {[%emt 0:00:00]} Rh7+ {[%emt 0:00:00]} 34. Kg3 {[%emt 0:00:01]} Re7 {[%emt 0:00:00]} 35. Kf3 {[%emt 0:00:00]} Re1 {[%emt 0:00:01]} 36. Rd4 {[%emt 0:00:01]} b5 {[%emt 0:00:02]} 37. Nxb5 {[%emt 0:00:01]} Kb7 {[%emt 0:00:00]} 38. Rxc4 {[%emt 0:00:01]} a6 {[%emt 0:00:01]} 39. Nd6+ {[%emt 0:00:00]} Kb6 {[%emt 0:00:00] Time (Lag: Av=0.73s, max=5.0s)} 0-1

[Event "Stay Safe Play From Home 281"]
[Site "Emanuel Lasker Arena"]
[Date "2020.07.06"]
[Round "6"]
[White "NeatFox"]
[Black "Bishop91"]
[Result "1-0"]
[WhiteElo "1924"]
[BlackElo "1699"]
[Annotator "NA"]
[PlyCount "93"]
[EventDate "2020.07.06"]
[EventType "swiss (blitz)"]

1. e4 {[%emt 0:00:03]} e6 {[%emt 0:00:00]} 2. Nf3 {[%emt 0:00:00]} d5 {[%emt 0:00:00]} 3. e5 {[%emt 0:00:00]} c5 {[%emt 0:00:01]} 4. d4 {[%emt 0:00:01]} Nc6 {[%emt 0:00:00]} 5. dxc5 {[%emt 0:00:01]} Bxc5 {[%emt 0:00:02]} 6. Bb5 {[%emt 0:00:01]} Qb6 {[%emt 0:00:00]} 7. Bxc6+ {[%emt 0:00:00]} bxc6 {[%emt 0:00:00]} 8. O-O {[%emt 0:00:01]} Ne7 {[%emt 0:00:04]} 9. Nc3 {[%emt 0:00:01]} Ng6 {[%emt 0:00:00]} 10. Na4 {[%emt 0:00:01]} Qb5 {[%emt 0:00:01]} 11. Nxc5 {[%emt 0:00:01]} Qxc5 {[%emt 0:00:00]} 12. c3 {[%emt 0:00:01]} Qe7 {[%emt 0:00:00]} 13. Bg5 {[%emt 0:00:01]} Ba6 {[%emt 0:00:00]} 14. Bxe7 {[%emt 0:00:01]} Nxe7 {[%emt 0:00:01]} 15. Re1 {[%emt 0:00:00]} Nf5 {[%emt 0:00:01]} 16. Nd4 {[%emt 0:00:01]} Ne7 {[%emt 0:00:01]} 17. Qa4 {[%emt 0:00:02]} Bb7 {[%emt 0:00:01]} 18. b4 {[%emt 0:00:01]} O-O {[%emt 0:00:02]} 19. b5 {[%emt 0:00:00]} c5 {[%emt 0:00:01]} 20. Nc6 {[%emt 0:00:01]} Nf5 {[%emt 0:00:03]} 21. g4 {[%emt 0:00:02]} Nh4 {[%emt 0:00:03]} 22. Re3 {[%emt 0:00:08]} Rfe8 {[%emt 0:00:05]} 23. f4 {[%emt 0:00:02]} Ng6 {[%emt 0:00:05]} 24. Rf3 {[%emt 0:00:02]} a6 {[%emt 0:00:03]} 25. Rh3 {[%emt 0:00:05]} axb5 {[%emt 0:00:02]} 26. Qxb5 {[%emt 0:00:01]} Bxc6 {[%emt 0:00:00]} 27. Qxc6 {[%emt 0:00:01]} Rac8 {[%emt 0:00:02]} 28. Qa4 {[%emt 0:00:01]} Nxf4 {[%emt 0:00:00]} 29. Qxf4 {[%emt 0:00:02]} g6 {[%emt 0:00:01]} 30. Rf3 {[%emt 0:00:02]} Re7 {[%emt 0:00:02]} 31. Qf6 {[%emt 0:00:01]} Kf8 {[%emt 0:00:02]} 32. Rh3 {[%emt 0:00:01]} Ke8 {[%emt 0:00:02]} 33. Qh8+ {[%emt 0:00:01]} Kd7 {[%emt 0:00:00]} 34. Qxh7 {[%emt 0:00:01]} d4 {[%emt 0:00:02]} 35. Rc1 {[%emt 0:00:02]} dxc3 {[%emt 0:00:03]} 36. Rd3+ {[%emt 0:00:02]} Kc6 {[%emt 0:00:01]} 37. Rcxc3 {[%emt 0:00:01]} Kb5 {[%emt 0:00:02]} 38. Rb3+ {[%emt 0:00:01]} Kc4 {[%emt 0:00:01]} 39. Rdc3+ {[%emt 0:00:01]} Kd5 {[%emt 0:00:01]} 40. Qh3 {[%emt 0:00:01]} Kc6 {[%emt 0:00:01]} 41. Qf3+ {[%emt 0:00:01]} Kc7 {[%emt 0:00:01]} 42. Rxc5+ {[%emt 0:00:01]} Kd8 {[%emt 0:00:01]} 43. Rxc8+ {[%emt 0:00:03]} Kxc8 {[%emt 0:00:01]} 44. Qa8+ {[%emt 0:00:00]} Kd7 {[%emt 0:00:01]} 45. Rd3+ {[%emt 0:00:00]} Kc7 {[%emt 0:00:01]} 46. Qa6 {[%emt 0:00:00]} Rd7 {[%emt 0:00:02]} 47. Qa5+ {[%emt 0:00:00] Time (Lag: Av=0.47s, max=5.2s)} 1-0

[Event "Stay Safe Play From Home 281"]
[Site "Emanuel Lasker Arena"]
[Date "2020.07.06"]
[Round "6"]
[White "Muralikrishna"]
[Black "Grazie"]
[Result "0-1"]
[WhiteElo "1778"]
[BlackElo "1800"]
[Annotator "NA"]
[PlyCount "56"]
[EventDate "2020.07.06"]
[EventType "swiss (blitz)"]

1. e4 {[%emt 0:00:02]} e6 {[%emt 0:00:00]} 2. d4 {[%emt 0:00:01]} d5 {[%emt 0:00:00]} 3. exd5 {[%emt 0:00:00]} exd5 {[%emt 0:00:00]} 4. c4 {[%emt 0:00:01]} Nf6 {[%emt 0:00:00]} 5. Nc3 {[%emt 0:00:00]} Bb4 {[%emt 0:00:01]} 6. Nf3 {[%emt 0:00:00]} Bxc3+ {[%emt 0:00:01]} 7. bxc3 {[%emt 0:00:01]} dxc4 {[%emt 0:00:00]} 8. Bxc4 {[%emt 0:00:01]} Qe7+ {[%emt 0:00:01]} 9. Be3 {[%emt 0:00:02]} O-O {[%emt 0:00:01]} 10. O-O {[%emt 0:00:01]} Bg4 {[%emt 0:00:01]} 11. Bg5 {[%emt 0:00:02]} Nbd7 {[%emt 0:00:03]} 12. h3 {[%emt 0:00:01]} Bxf3 {[%emt 0:00:01]} 13. Qxf3 {[%emt 0:00:02]} Qd6 {[%emt 0:00:01]} 14. Bf4 {[%emt 0:00:03]} Qa3 {[%emt 0:00:06]} 15. Rab1 {[%emt 0:00:04]} b6 {[%emt 0:00:03]} 16. Rb3 {[%emt 0:00:01]} Qa5 {[%emt 0:00:02]} 17. Rb5 {[%emt 0:00:03]} Qa3 {[%emt 0:00:03]} 18. Bxc7 {[%emt 0:00:03]} Rac8 {[%emt 0:00:02]} 19. Bf4 {[%emt 0:00:03]} Rxc4 {[%emt 0:00:01]} 20. Qd5 {[%emt 0:00:02]} Nxd5 {[%emt 0:00:02]} 21. Rxd5 {[%emt 0:00:02]} Nf6 {[%emt 0:00:01]} 22. Rd6 {[%emt 0:00:02]} Rxc3 {[%emt 0:00:01]} 23. Be5 {[%emt 0:00:01]} h6 {[%emt 0:00:03]} 24. Bxf6 {[%emt 0:00:04]} Qxd6 {[%emt 0:00:01]} 25. Be5 {[%emt 0:00:02]} Qd5 {[%emt 0:00:01]} 26. Re1 {[%emt 0:00:03]} Re8 {[%emt 0:00:01]} 27. Rb1 {[%emt 0:00:02]} Rxe5 {[%emt 0:00:02]} 28. Rf1 {[%emt 0:00:00]} Re2 {[%emt 0:00:01] Time (Lag: Av=0.70s, max=3.5s) Muralikrishna resigns} 0-1

[Event "Stay Safe Play From Home 281"]
[Site "Emanuel Lasker Arena"]
[Date "2020.07.06"]
[Round "6"]
[White "Robk"]
[Black "Klasman"]
[Result "0-1"]
[WhiteElo "1568"]
[BlackElo "1406"]
[Annotator "NA"]
[PlyCount "54"]
[EventDate "2020.07.06"]
[EventType "swiss (blitz)"]

1. e4 {[%emt 0:00:02]} f5 {[%emt 0:00:01]} 2. exf5 {[%emt 0:00:02]} Nf6 {[%emt 0:00:01]} 3. d4 {[%emt 0:00:02]} d5 {[%emt 0:00:01]} 4. Nf3 {[%emt 0:00:01]} Bxf5 {[%emt 0:00:01]} 5. Bd3 {[%emt 0:00:02]} Bxd3 {[%emt 0:00:02]} 6. Qxd3 {[%emt 0:00:01]} Nc6 {[%emt 0:00:01]} 7. O-O {[%emt 0:00:01]} Qd6 {[%emt 0:00:03]} 8. Be3 {[%emt 0:00:04]} O-O-O {[%emt 0:00:02]} 9. c3 {[%emt 0:00:02]} a6 {[%emt 0:00:02]} 10. b4 {[%emt 0:00:02]} h6 {[%emt 0:00:01]} 11. Nbd2 {[%emt 0:00:02]} g5 {[%emt 0:00:01]} 12. a4 {[%emt 0:00:02]} Bg7 {[%emt 0:00:01]} 13. b5 {[%emt 0:00:02]} axb5 {[%emt 0:00:06]} 14. axb5 {[%emt 0:00:03]} Nb8 {[%emt 0:00:02]} 15. c4 {[%emt 0:00:05]} Rhe8 {[%emt 0:00:06]} 16. c5 {[%emt 0:00:02]} Qd7 {[%emt 0:00:05]} 17. c6 {[%emt 0:00:02]} bxc6 {[%emt 0:00:03]} 18. bxc6 {[%emt 0:00:04]} Qxc6 {[%emt 0:00:01]} 19. Rfc1 {[%emt 0:00:01]} Qd6 {[%emt 0:00:03]} 20. Ra8 {[%emt 0:00:04]} Qc6 {[%emt 0:00:05]} 21. Rxc6 {[%emt 0:00:04]} e5 {[%emt 0:00:02]} 22. Qa6+ {[%emt 0:00:02]} Kd7 {[%emt 0:00:05]} 23. Rxf6 {[%emt 0:00:01]} Bxf6 {[%emt 0:00:01]} 24. Qxf6 {[%emt 0:00:01]} Re6 {[%emt 0:00:01]} 25. Nxe5+ {[%emt 0:00:02]} Rxe5 {[%emt 0:00:01]} 26. Qxe5 {[%emt 0:00:01]} Re8 {[%emt 0:00:01]} 27. Qxd5+ {[%emt 0:00:01]} Ke7 {[%emt 0:00:01] Time (Lag: Av=0.67s, max=3.3s)} 0-1

[Event "Stay Safe Play From Home 281"]
[Site "Emanuel Lasker Arena"]
[Date "2020.07.06"]
[Round "7"]
[White "AChessPlayer"]
[Black "Scorpio New"]
[Result "1-0"]
[WhiteElo "2400"]
[BlackElo "2104"]
[PlyCount "71"]
[EventDate "2020.07.06"]
[EventType "swiss (blitz)"]

1. g3 {[%emt 0:00:02]} d6 {[%emt 0:00:00]} 2. Bg2 {[%emt 0:00:00]} c6 {[%emt 0:00:00]} 3. b3 {[%emt 0:00:01]} Nd7 {[%emt 0:00:00]} 4. Bb2 {[%emt 0:00:00]} Qc7 {[%emt 0:00:00]} 5. d4 {[%emt 0:00:02]} Ngf6 {[%emt 0:00:00]} 6. e4 {[%emt 0:00:00]} g6 {[%emt 0:00:00]} 7. Ne2 {[%emt 0:00:00]} e5 {[%emt 0:00:00]} 8. Nd2 {[%emt 0:00:00]} Bg7 {[%emt 0:00:01]} 9. O-O {[%emt 0:00:00]} O-O {[%emt 0:00:01]} 10. c4 {[%emt 0:00:00]} a5 {[%emt 0:00:01]} 11. a3 {[%emt 0:00:01]} Re8 {[%emt 0:00:01]} 12. Qc2 {[%emt 0:00:00]} b6 {[%emt 0:00:01]} 13. Rac1 {[%emt 0:00:02]} Bb7 {[%emt 0:00:01]} 14. d5 {[%emt 0:00:01]} c5 {[%emt 0:00:01]} 15. Nc3 {[%emt 0:00:00]} Ba6 {[%emt 0:00:01]} 16. Nb5 {[%emt 0:00:01]} Bxb5 {[%emt 0:00:01]} 17. cxb5 {[%emt 0:00:00]} Rf8 {[%emt 0:00:01]} 18. a4 {[%emt 0:00:02]} h5 {[%emt 0:00:01]} 19. Nc4 {[%emt 0:00:00]} Nh7 {[%emt 0:00:01]} 20. h3 {[%emt 0:00:01]} Ndf6 {[%emt 0:00:01]} 21. f4 {[%emt 0:00:01]} exf4 {[%emt 0:00:01]} 22. gxf4 {[%emt 0:00:00]} Nd7 {[%emt 0:00:01]} 23. Rce1 {[%emt 0:00:06]} Rae8 {[%emt 0:00:01]} 24. Re2 {[%emt 0:00:03]} Re7 {[%emt 0:00:02]} 25. Rfe1 {[%emt 0:00:00]} Rfe8 {[%emt 0:00:01]} 26. Bxg7 {[%emt 0:00:00]} Kxg7 {[%emt 0:00:00]} 27. Qc3+ {[%emt 0:00:00]} Kg8 {[%emt 0:00:00]} 28. e5 {[%emt 0:00:00]} Nhf8 {[%emt 0:00:03]} 29. exd6 {[%emt 0:00:02]} Rxe2 {[%emt 0:00:02]} 30. Rxe2 {[%emt 0:00:00]} Qd8 {[%emt 0:00:02]} 31. Re5 {[%emt 0:00:03]} Qf6 {[%emt 0:00:03]} 32. Qe3 {[%emt 0:00:03]} Rxe5 {[%emt 0:00:02]} 33. fxe5 {[%emt 0:00:00]} Qf5 {[%emt 0:00:01]} 34. Be4 {[%emt 0:00:02]} Nxe5 {[%emt 0:00:06]} 35. Bxf5 {[%emt 0:00:01]} gxf5 {[%emt 0:00:01]} 36. Qxe5 {[%emt 0:00:01] (Lag: Av=0.57s, max=1.4s)} 1-0

[Event "Stay Safe Play From Home 281"]
[Site "Emanuel Lasker Arena"]
[Date "2020.07.06"]
[Round "7"]
[White "Mepe_Nika"]
[Black "Lamborghini"]
[Result "0-1"]
[WhiteElo "2389"]
[BlackElo "2236"]
[PlyCount "108"]
[EventDate "2020.07.06"]
[EventType "swiss (blitz)"]

1. d4 {[%emt 0:00:01]} g6 {[%emt 0:00:00]} 2. e4 {[%emt 0:00:01]} Bg7 {[%emt 0:00:00]} 3. Nf3 {[%emt 0:00:01]} c5 {[%emt 0:00:00]} 4. c3 {[%emt 0:00:01]} cxd4 {[%emt 0:00:01]} 5. cxd4 {[%emt 0:00:00]} d5 {[%emt 0:00:00]} 6. e5 {[%emt 0:00:01]} Nc6 {[%emt 0:00:01]} 7. Nc3 {[%emt 0:00:00]} Bg4 {[%emt 0:00:01]} 8. Bb5 {[%emt 0:00:02]} Rc8 {[%emt 0:00:02]} 9. Be3 {[%emt 0:00:01]} Bxf3 {[%emt 0:00:01]} 10. Qxf3 {[%emt 0:00:01]} e6 {[%emt 0:00:01]} 11. h4 {[%emt 0:00:02]} h5 {[%emt 0:00:01]} 12. O-O {[%emt 0:00:02]} Nge7 {[%emt 0:00:01]} 13. a3 {[%emt 0:00:02]} Qb6 {[%emt 0:00:01]} 14. Bg5 {[%emt 0:00:02]} Nf5 {[%emt 0:00:03]} 15. Rfd1 {[%emt 0:00:03]} O-O {[%emt 0:00:01]} 16. Bxc6 {[%emt 0:00:00]} bxc6 {[%emt 0:00:01]} 17. Qf4 {[%emt 0:00:03]} Qxb2 {[%emt 0:00:03]} 18. Na4 {[%emt 0:00:03]} Qb5 {[%emt 0:00:03]} 19. Nc5 {[%emt 0:00:01]} f6 {[%emt 0:00:03]} 20. exf6 {[%emt 0:00:02]} Bxf6 {[%emt 0:00:01]} 21. Nd7 {[%emt 0:00:02]} Bxd4 {[%emt 0:00:03]} 22. Nxf8 {[%emt 0:00:03]} Qc5 {[%emt 0:00:03]} 23. Nxe6 {[%emt 0:00:02]} Bxf2+ {[%emt 0:00:01]} 24. Qxf2 {[%emt 0:00:00]} Qxf2+ {[%emt 0:00:02]} 25. Kxf2 {[%emt 0:00:00]} Re8 {[%emt 0:00:01]} 26. Nd4 {[%emt 0:00:01]} Nd6 {[%emt 0:00:00]} 27. Nf3 {[%emt 0:00:02]} Ne4+ {[%emt 0:00:00]} 28. Kg1 {[%emt 0:00:00]} c5 {[%emt 0:00:01]} 29. Rac1 {[%emt 0:00:00]} Rd8 {[%emt 0:00:02]} 30. Ne5 {[%emt 0:00:01]} Kg7 {[%emt 0:00:02]} 31. Nc6 {[%emt 0:00:01]} Rd6 {[%emt 0:00:01]} 32. Ne7 {[%emt 0:00:01]} d4 {[%emt 0:00:02]} 33. Re1 {[%emt 0:00:02]} Re6 {[%emt 0:00:01]} 34. Nd5 {[%emt 0:00:02]} d3 {[%emt 0:00:02]} 35. Rcd1 {[%emt 0:00:02]} c4 {[%emt 0:00:02]} 36. Ne3 {[%emt 0:00:03]} Nxg5 {[%emt 0:00:01]} 37. hxg5 {[%emt 0:00:01]} c3 {[%emt 0:00:01]} 38. Nd5 {[%emt 0:00:01]} Rxe1+ {[%emt 0:00:02]} 39. Rxe1 {[%emt 0:00:01]} d2 {[%emt 0:00:00]} 40. Kf2 {[%emt 0:00:01]} c2 {[%emt 0:00:00]} 41. Ne3 {[%emt 0:00:01]} dxe1=Q+ {[%emt 0:00:01]} 42. Kxe1 {[%emt 0:00:02]} c1=Q+ {[%emt 0:00:00]} 43. Kf2 {[%emt 0:00:00]} Qxa3 {[%emt 0:00:00]} 44. Nf1 {[%emt 0:00:00]} Qc5+ {[%emt 0:00:00]} 45. Kg3 {[%emt 0:00:01]} Qxg5+ {[%emt 0:00:00]} 46. Kh2 {[%emt 0:00:01]} Qf5 {[%emt 0:00:00]} 47. Kg1 {[%emt 0:00:00]} Qe5 {[%emt 0:00:00]} 48. Ng3 {[%emt 0:00:00]} Qe3+ {[%emt 0:00:01]} 49. Kh2 {[%emt 0:00:01]} Qxg3+ {[%emt 0:00:00]} 50. Kxg3 {[%emt 0:00:00]} g5 {[%emt 0:00:00]} 51. Kf3 {[%emt 0:00:00]} Kf6 {[%emt 0:00:00]} 52. Ke3 {[%emt 0:00:00]} Ke6 {[%emt 0:00:00]} 53. Kd3 {[%emt 0:00:00]} Kd6 {[%emt 0:00:00]} 54. g4 {[%emt 0:00:00]} Kc6 {[%emt 0:00:00]} 0-1

[Event "Stay Safe Play From Home 281"]
[Site "Emanuel Lasker Arena"]
[Date "2020.07.06"]
[Round "7"]
[White "SoulofWolf"]
[Black "Kubas"]
[Result "0-1"]
[WhiteElo "2164"]
[BlackElo "2443"]
[PlyCount "36"]
[EventDate "2020.07.06"]
[EventType "swiss (blitz)"]

1. c4 {[%emt 0:00:00]} e5 {[%emt 0:00:02]} 2. Nc3 {[%emt 0:00:00]} Nf6 {[%emt 0:00:01]} 3. Nf3 {[%emt 0:00:00]} Nc6 {[%emt 0:00:01]} 4. d3 {[%emt 0:00:00]} d5 {[%emt 0:00:01]} 5. Bg5 {[%emt 0:00:00]} d4 {[%emt 0:00:01]} 6. Bxf6 {[%emt 0:00:01]} Qxf6 {[%emt 0:00:01]} 7. Ne4 {[%emt 0:00:00]} Qd8 {[%emt 0:00:01]} 8. h3 {[%emt 0:00:01]} Bb4+ {[%emt 0:00:01]} 9. Nfd2 {[%emt 0:00:01]} f5 {[%emt 0:00:00]} 10. Ng3 {[%emt 0:00:00]} O-O {[%emt 0:00:02]} 11. a3 {[%emt 0:00:00]} Bd6 {[%emt 0:00:01]} 12. b4 {[%emt 0:00:01]} a5 {[%emt 0:00:01]} 13. c5 {[%emt 0:00:01]} Be7 {[%emt 0:00:01]} 14. e3 {[%emt 0:00:04]} dxe3 {[%emt 0:00:02]} 15. fxe3 {[%emt 0:00:00]} f4 {[%emt 0:00:01]} 16. exf4 {[%emt 0:00:02]} exf4 {[%emt 0:00:00]} 17. Nge4 {[%emt 0:00:01]} Bh4+ {[%emt 0:00:01]} 18. Ke2 {[%emt 0:00:01]} Nd4# {[%emt 0:00:00] (Lag: Av=0.30s, max=0.4s)} 0-1

[Event "Stay Safe Play From Home 281"]
[Site "Emanuel Lasker Arena"]
[Date "2020.07.06"]
[Round "7"]
[White "VotaryRoma"]
[Black "NeatFox"]
[Result "1-0"]
[WhiteElo "2162"]
[BlackElo "1932"]
[PlyCount "39"]
[EventDate "2020.07.06"]
[EventType "swiss (blitz)"]

1. Nf3 {[%emt 0:00:02]} c6 {[%emt 0:00:00]} 2. g3 {[%emt 0:00:00]} d5 {[%emt 0:00:00]} 3. Bg2 {[%emt 0:00:00]} g6 {[%emt 0:00:00]} 4. O-O {[%emt 0:00:00]} Bg7 {[%emt 0:00:00]} 5. d4 {[%emt 0:00:00]} Nf6 {[%emt 0:00:00]} 6. c4 {[%emt 0:00:00]} O-O {[%emt 0:00:00]} 7. cxd5 {[%emt 0:00:00]} Nxd5 {[%emt 0:00:00]} 8. Nc3 {[%emt 0:00:00]} Nxc3 {[%emt 0:00:01]} 9. bxc3 {[%emt 0:00:00]} Bg4 {[%emt 0:00:02]} 10. h3 {[%emt 0:00:01]} Be6 {[%emt 0:00:02]} 11. Ng5 {[%emt 0:00:01]} Bd7 {[%emt 0:00:05]} 12. e4 {[%emt 0:00:01]} h6 {[%emt 0:00:01]} 13. Nf3 {[%emt 0:00:01]} Qc8 {[%emt 0:00:01]} 14. Be3 {[%emt 0:00:00]} Bxh3 {[%emt 0:00:01]} 15. Qd2 {[%emt 0:00:00]} Bxg2 {[%emt 0:00:00]} 16. Kxg2 {[%emt 0:00:00]} Kh7 {[%emt 0:00:01]} 17. Bxh6 {[%emt 0:00:02]} Bxh6 {[%emt 0:00:01]} 18. Rh1 {[%emt 0:00:01]} g5 {[%emt 0:00:02]} 19. Qxg5 {[%emt 0:00:02]} f6 {[%emt 0:00:03]} 20. Rxh6# {[%emt 0:00:02] (Lag: Av=0.54s, max=0.8s)} 1-0

[Event "Stay Safe Play From Home 281"]
[Site "Emanuel Lasker Arena"]
[Date "2020.07.06"]
[Round "7"]
[White "Grazie"]
[Black "Haxhi Baha"]
[Result "0-1"]
[WhiteElo "1816"]
[BlackElo "2064"]
[PlyCount "66"]
[EventDate "2020.07.06"]
[EventType "swiss (blitz)"]

1. d4 {[%emt 0:00:01]} d5 {[%emt 0:00:01]} 2. c3 {[%emt 0:00:00]} e6 {[%emt 0:00:01]} 3. g3 {[%emt 0:00:00]} c5 {[%emt 0:00:01]} 4. Bg2 {[%emt 0:00:00]} cxd4 {[%emt 0:00:00]} 5. cxd4 {[%emt 0:00:01]} Nc6 {[%emt 0:00:00]} 6. Nf3 {[%emt 0:00:00]} Nf6 {[%emt 0:00:01]} 7. O-O {[%emt 0:00:00]} Bd6 {[%emt 0:00:00]} 8. Bg5 {[%emt 0:00:01]} h6 {[%emt 0:00:02]} 9. Bxf6 {[%emt 0:00:00]} Qxf6 {[%emt 0:00:00]} 10. e3 {[%emt 0:00:00]} g5 {[%emt 0:00:02]} 11. Nbd2 {[%emt 0:00:01]} g4 {[%emt 0:00:01]} 12. Nh4 {[%emt 0:00:01]} Be7 {[%emt 0:00:01]} 13. Bh1 {[%emt 0:00:01]} Qg5 {[%emt 0:00:01]} 14. Ng2 {[%emt 0:00:00]} h5 {[%emt 0:00:01]} 15. a3 {[%emt 0:00:06]} h4 {[%emt 0:00:02]} 16. b4 {[%emt 0:00:02]} hxg3 {[%emt 0:00:01]} 17. fxg3 {[%emt 0:00:01]} Bd7 {[%emt 0:00:04]} 18. Rf4 {[%emt 0:00:07]} f5 {[%emt 0:00:01]} 19. Rc1 {[%emt 0:00:05]} Bd6 {[%emt 0:00:01]} 20. Rf2 {[%emt 0:00:02]} O-O-O {[%emt 0:00:04]} 21. Nf4 {[%emt 0:00:00]} Kb8 {[%emt 0:00:04]} 22. Nb3 {[%emt 0:00:03]} Ne7 {[%emt 0:00:01]} 23. Nc5 {[%emt 0:00:01]} Bc8 {[%emt 0:00:02]} 24. Nfxe6 {[%emt 0:00:02]} Qh5 {[%emt 0:00:10]} 25. Nxd8 {[%emt 0:00:03]} Bxg3 {[%emt 0:00:01]} 26. Rg2 {[%emt 0:00:10]} Bxh2+ {[%emt 0:00:01]} 27. Kf1 {[%emt 0:00:00]} Rxd8 {[%emt 0:00:02]} 28. Nd3 {[%emt 0:00:04]} g3 {[%emt 0:00:01]} 29. Nf4 {[%emt 0:00:01]} Qxd1+ {[%emt 0:00:01]} 30. Rxd1 {[%emt 0:00:01]} Nc6 {[%emt 0:00:01]} 31. Ne2 {[%emt 0:00:04]} Re8 {[%emt 0:00:01]} 32. Nxg3 {[%emt 0:00:01]} Bxg3 {[%emt 0:00:02]} 33. Rxg3 {[%emt 0:00:01]} f4 {[%emt 0:00:00] Zeit (Lag: Av=0.74s, max=1.1s) .} 0-1

[Event "Stay Safe Play From Home 281"]
[Site "Emanuel Lasker Arena"]
[Date "2020.07.06"]
[Round "7"]
[White "Robk"]
[Black "Mandy"]
[Result "1-0"]
[WhiteElo "1544"]
[BlackElo "922"]
[Annotator "NA"]
[PlyCount "37"]
[EventDate "2020.07.06"]
[EventType "swiss (blitz)"]

1. e4 {[%emt 0:00:02]} c6 {[%emt 0:00:02]} 2. d4 {[%emt 0:00:01]} d5 {[%emt 0:00:01]} 3. exd5 {[%emt 0:00:01]} cxd5 {[%emt 0:00:02]} 4. c4 {[%emt 0:00:00]} Bf5 {[%emt 0:00:01]} 5. cxd5 {[%emt 0:00:02]} Nf6 {[%emt 0:00:01]} 6. Nf3 {[%emt 0:00:00]} g6 {[%emt 0:00:05]} 7. Nc3 {[%emt 0:00:00]} Bg7 {[%emt 0:00:01]} 8. Bd3 {[%emt 0:00:01]} O-O {[%emt 0:00:02]} 9. Bxf5 {[%emt 0:00:02]} gxf5 {[%emt 0:00:03]} 10. O-O {[%emt 0:00:00]} Nbd7 {[%emt 0:00:01]} 11. Bg5 {[%emt 0:00:04]} h6 {[%emt 0:00:03]} 12. Ne5 {[%emt 0:00:00]} Nb6 {[%emt 0:00:06]} 13. Nd7 {[%emt 0:00:00]} Qxd7 {[%emt 0:00:05]} 14. Bxf6 {[%emt 0:00:00]} Bxf6 {[%emt 0:00:08]} 15. b3 {[%emt 0:00:01]} e6 {[%emt 0:00:08]} 16. Qd2 {[%emt 0:00:01]} exd5 {[%emt 0:00:02]} 17. Qxh6 {[%emt 0:00:02]} Bg7 {[%emt 0:00:04]} 18. Qg5 {[%emt 0:00:01]} f6 {[%emt 0:00:04]} 19. Qf4 {[%emt 0:00:03] Zeit (Lag: Av=0.60s, max=0.8s)} 1-0

[Event "Stay Safe Play From Home 281"]
[Site "Emanuel Lasker Arena"]
[Date "2020.07.06"]
[Round "7"]
[White "Klasman"]
[Black "Bishop91"]
[Result "0-1"]
[WhiteElo "1430"]
[BlackElo "1691"]
[Annotator "NA"]
[PlyCount "56"]
[EventDate "2020.07.06"]
[EventType "swiss (blitz)"]

1. f4 {[%emt 0:00:02]} e6 {[%emt 0:00:00]} 2. d4 {[%emt 0:00:02]} d5 {[%emt 0:00:00]} 3. Nf3 {[%emt 0:00:02]} c6 {[%emt 0:00:00]} 4. e3 {[%emt 0:00:01]} Nf6 {[%emt 0:00:00]} 5. c4 {[%emt 0:00:01]} Be7 {[%emt 0:00:00]} 6. Nc3 {[%emt 0:00:01]} O-O {[%emt 0:00:00]} 7. Bd3 {[%emt 0:00:01]} Na6 {[%emt 0:00:01]} 8. a3 {[%emt 0:00:02]} Nc7 {[%emt 0:00:02]} 9. O-O {[%emt 0:00:02]} dxc4 {[%emt 0:00:00]} 10. Bxc4 {[%emt 0:00:01]} Ncd5 {[%emt 0:00:00]} 11. Bd2 {[%emt 0:00:03]} b5 {[%emt 0:00:01]} 12. Bd3 {[%emt 0:00:02]} a5 {[%emt 0:00:03]} 13. Nxd5 {[%emt 0:00:01]} exd5 {[%emt 0:00:01]} 14. Rc1 {[%emt 0:00:01]} Qb6 {[%emt 0:00:03]} 15. Ne5 {[%emt 0:00:02]} Bb7 {[%emt 0:00:04]} 16. g4 {[%emt 0:00:02]} Bd6 {[%emt 0:00:03]} 17. g5 {[%emt 0:00:01]} Bxe5 {[%emt 0:00:03]} 18. fxe5 {[%emt 0:00:03]} Nd7 {[%emt 0:00:03]} 19. Qh5 {[%emt 0:00:04]} g6 {[%emt 0:00:01]} 20. Qh6 {[%emt 0:00:02]} Rfe8 {[%emt 0:00:03]} 21. Rf6 {[%emt 0:00:01]} Nf8 {[%emt 0:00:04]} 22. Rcf1 {[%emt 0:00:03]} Re7 {[%emt 0:00:02]} 23. Be1 {[%emt 0:00:07]} Bc8 {[%emt 0:00:01]} 24. Bg3 {[%emt 0:00:02]} Be6 {[%emt 0:00:02]} 25. Bxg6 {[%emt 0:00:02]} hxg6 {[%emt 0:00:06]} 26. Bf4 {[%emt 0:00:03]} b4 {[%emt 0:00:04]} 27. Rf3 {[%emt 0:00:04]} bxa3 {[%emt 0:00:01]} 28. h4 {[%emt 0:00:02]} axb2 {[%emt 0:00:02] Time (Lag: Av=0.33s, max=0.5s)} 0-1